000 00761nam a2200289Ia 4500
005 20260324112545.0
008 008 260324s9999 xx 000 0 eng d
020 _a9781003347378
037 _aEBOOK
040 _aCRL
040 _beng
040 _cCRL
041 _2eng
041 _aeng
084 _qCRL
100 _aMohamed Askar; M. Rashad Islam
_91143195
245 0 _aStatics and Strength of Materials for Construction, Engineering Technology, and Architecture
245 0 _bTheory, Analysis, and Application
260 _bTaylor and Francis
260 _c2024
365 _a
365 _b260
856 _uhttp://www.taylorfrancis.com/books/9781003347378
942 _cEBOOK
999 _c1732447
_d1732447